000 00947nam a22002772a 4500
001 32831
003 BD-RjUL
005 20211209051913.0
008 140428s1957 enk 001 0 eng d
035 _aOCLC ocm16770477 from D960117M
_a(BD-RjUL)32921
040 _aORZ
_cORZ
_dHUC
_dBD-RjUL
_beng
041 1 _aeng
_hund
082 _a297
_bCHB 1957
090 _aBP166
_b.K3
100 0 _a Celebi, Katip
_d1609-1657.
_999823
245 1 4 _aThe balance of truth /
_cby Kātib Chelebi. Translated with an introd. and notes by G.L. Lewis
260 _aLondon :
_bAllen and Unwin,
_c1957.
300 _a[4] 160 p. ;
_c19 cm
490 1 _aEthical and religious classics of East and West ;
_vno. 19
504 _aIncludes index.
650 0 _aIslam
_xCustoms and practices
_999824
830 0 _vno. 19
_999828
700 1 _aLewis, Geoffrey,
_d1920-2008
_923154
830 0 _aEthical and religious classics of East and West ;
_999829
942 _2ddc
_cBK
999 _c32831
_d32831